00525nam a22001817a 4500003000400000020001800004082001800022100001800040245003600058260003800094300000800132650001700140653002500157700001600182942001200198952011600210999001700326SGT a9789358426038 a617.643bR23S aSaini, Saumya aRecent Advances in Orthodontics aLucknow, IndiabBook Riversc2023 a142 aOrthodontics aOrthodontic material aRana, Tarun 2ddccBK 00102ddc405171aFDbFDcREFd2024-08-05iSGTUl0o617.643 R23SpFD9338r2024-08-05 00:00:00w2024-08-05yBK c26773d26773